000 00527nam a2200193Ia 4500
008 240729s9999 xx 000 0 und d
022 _a2813-0413
245 0 _aMuscles
260 _aSwitzerland
260 _bMDPI AG
650 _a Diseases of the musculoskeletal system
650 _a Internal medicine
650 _a Physiology | Medicine
650 _a Specialties of internal medicine
650 _aScience
856 _uhttps://doaj.org/toc/d5d955ad4845456c87fe1a8009f5006c
942 _2ddc
942 _cDOAJEJ
999 _c68349
_d68349
945 _a1
_bMadushi Gamage
_c1
_dMadushi Gamage